00776cam a2200241 a 45000010008000000030005000080050017000130080041000300100017000710200015000880400018001030500026001210820018001472450095001652600071002603000035003315000008003665040053003746500026004276500023004536500015004767000043004913090076Nust20170330165829.0980825s1999 enka b 001 0 eng  a 98042887  a1858983754 aDLCcDLCdDLC00a333.7 BERbH3284 199900a333.7 BER22100aHandbook of environmental and resource economics /cEdited by Jeroen C.J.M. van den Bergh. aCheltenham, UK ;aNorthampton, Mass. :bEdward Elgar Pub.,cc1999. axxv, 1300 p. :bill. ;c24 cm. aP.B aIncludes bibliographical references and indexes. 0aEnvironmental policy. 0aNatural resources. 0aEconomics.1 aBergh, Jeroen C. J. M. van den,d1965-